Superlearning und Suggestopaedie : Grundlagen - Anwendung - Kritik - Perspektiven

Saved in:
Bibliographic Details
Main Author: Baur, Rupprecht Slavko
Format: Book
Language:German
Published: Berlin ; Munchen : Langenscheidt, c1990
Subjects:
Tags: Add Tag
No Tags, Be the first to tag this record!

MARC

LEADER 00000nam a2200000 i 4500
001 1/11697
008 000914s1990 ger d
020 |a 3-468-49449-1 
035 |l 10063930 
040 |a GR-MY-UA  |b gre  |e aacr 
041 0 |a ger 
082 0 |a 370.1 
100 1 |a Baur, Rupprecht Slavko. 
245 1 0 |a Superlearning und Suggestopaedie :  |b Grundlagen - Anwendung - Kritik - Perspektiven /  |c von Rupprecht S. Baur 
260 |a Berlin ; Munchen :   |b Langenscheidt,   |c c1990 
300 |a 135 p.;  |c 21 cm 
650 0 0 |a Education  |x Philosophy. 
650 0 0 |a Education  |x Aims and objectives. 
852 |a INST  |b RHODES  |e 20000914  |h 370.1 BAU  |p 005400009467  |q 005400009467  |t BK  |y 0 
909 |a Ρ  |b 025563 
922 |a 4ΕΛΗ  |b 199302 
970 |z 2000/09/ΧΡΥΣΑΝΘΗ